000 00889nam a2200241 i 4500
001 175617
003 ES-MaACL
005 20251009160651.0
007 t|
008 101111s1973 sp r ||||1| spa d
020 _a84-220-0447-X
080 _a2-752
100 1 _aHanssler, Bernhard.
_9143895
245 1 4 _aLos movimientos teológicos secularizantes
_b: cuestiones actuales de metodología teológica /
_cpor J. A. de Aldama ... [et al.].
260 _aMadrid :
_bLa Editorial Católica,
_c1973.
300 _aXII, 192, [15] p. ;
_c18 cm.
490 1 _aBiblioteca de autores cristianos. Serie Minor ;
_v31
650 0 7 _aSecularización (Teología)
_2embne
_917005
700 1 _aAldama, José Antonio de,
_d1903-1980
_919598
830 0 0 _aBiblioteca de autores cristianos.
_pMinor
_v31
_9189814
852 _aES-MaACL
_jE-13498
_xOlim P-1255
999 _c175617
_d175617